| 000 | 01157nam a22003737a 4500 | ||
|---|---|---|---|
| 003 | CHAP | ||
| 005 | 20220329143225.0 | ||
| 008 | 070423d1999 us r 00110 eng d | ||
| 010 | _a93526 | ||
| 011 | _a94498 | ||
| 035 | _a105089 | ||
| 040 | _cCHAP | ||
| 082 | 0 | 4 |
_a664.92 _bE8 |
| 110 | 2 |
_aE.U.A. Meat Export Federation _934945 |
|
| 245 | 1 | 0 |
_aManual para carne internacional _cpor Meat Export Federation [y otros] |
| 260 |
_aDenver, CO, _bMeat Export Federation, _c1999. |
||
| 300 |
_ac.a. 192 p. : _bilus. |
||
| 500 | _aEd. multilingüe | ||
| 590 |
_aBATCH-UPD _b10 _c20130110 _lUCH01 _h0834 |
||
| 590 |
_aBATCH-UPD _b10 _c20130410 _lUCH01 _h0512 |
||
| 590 |
_aBATCH-UPD _b10 _c20130914 _lUCH01 _h0845 |
||
| 590 |
_aCONVERSION _b10 _c20130109 _lUCH01 _h1352 |
||
| 650 | 1 | 4 |
_aCarne de borrego. _919118 |
| 650 | 1 | 4 |
_aCarne de cerdo. _919136 |
| 650 | 1 | 4 |
_aCarne de res. _919190 |
| 650 | 1 | 4 |
_aCarne. _919053 |
| 650 | 1 | 4 |
_aCarne _xConsumo. _919067 |
| 650 | 1 | 4 |
_aCarne _xCortes. _919076 |
| 650 | 1 | 4 |
_aCarne _xExportación. _919078 |
| 901 | _aBK | ||
| 905 | _aLilia | ||
| 942 | _cLIBRO | ||
| 949 |
_a664.92 E8 _bBC _cESP _d33724002029298 _eESP _h108572 _i105089 _sb |
||
| 999 |
_c93526 _d93526 |
||